[Event "1st Lima International 2013"]
[Site "Lima PER"]
[Date "2013.11.28"]
[Round "3.4"]
[White "Espinoza Palomino,W"]
[Black "Uribe Arteaga,D"]
[Result "1-0"]
[WhiteElo "2324"]
[BlackElo "2292"]

1.e4 e5 2.Nf3 Nc6 3.Bb5 a6 4.Ba4 Nf6 5.O-O Be7 6.Re1 b5 7.Bb3 d6 8.c3 O-O
9.h3 Nb8 10.d4 Nbd7 11.Nbd2 Bb7 12.Bc2 Re8 13.a4 Bf8 14.Bd3 c6 15.b3 g6 16.Bb2 Nh5
17.Qc2 Nf4 18.Bf1 exd4 19.cxd4 d5 20.g3 dxe4 21.Nxe4 Nd5 22.Ne5 Bb4 23.Re2 Nxe5
24.dxe5 bxa4 25.Rd1 Re6 26.bxa4 Qb6 27.h4 a5 28.Bh3 Ba6 29.Bxe6 fxe6 30.Nf6+ Kg7
31.Re4 Rd8 32.h5 Bc5 33.Rg4 Nb4 34.Rxg6+ Kf7 35.Rg7+  1-0

[Event "14th Puhajarve Rapid"]
[Site "Puhajarve EST"]
[Date "2013.11.30"]
[Round "21.5"]
[White "Haavamae,Henrik"]
[Black "Nyback,T"]
[Result "0-1"]
[WhiteElo "2023"]
[BlackElo "2586"]

1.e4 e5 2.Nf3 Nc6 3.Bb5 a6 4.Ba4 Nf6 5.O-O Be7 6.Re1 b5 7.Bb3 d6 8.c3 O-O
9.h3 Nb8 10.d4 Nbd7 11.Nbd2 Bb7 12.Bc2 Re8 13.Nf1 Bf8 14.Ng3 g6 15.Bg5 Bg7
16.a4 c6 17.Qd2 Qe7 18.Ra3 Nb6 19.Ra2 Nc4 20.Qe2 h6 21.b3 hxg5 22.bxc4 bxc4
23.Qxc4 g4 24.hxg4 Nxg4 25.Rb2 d5 26.Qb3 Rab8 27.exd5 cxd5 28.dxe5 Nxe5 29.Nd4 Qc7
30.Reb1 Nc4 31.Qxb7 Rxb7 32.Rxb7 Qc8 33.Ngf5 gxf5 34.Bxf5 Qc5 35.Rb8 Rxb8
36.Rxb8+ Bf8 37.Rc8 Qa3 38.Nc6 Qxc3 39.Ne7+ Kg7 40.Nxd5 Qe1+ 41.Kh2 Qe5+  0-1

[Event "World Teams 2013"]
[Site "Antalya TUR"]
[Date "2013.12.04"]
[Round "8.2"]
[White "Yu Yangyi"]
[Black "Baramidze,D"]
[Result "1-0"]
[WhiteElo "2668"]
[BlackElo "2614"]

1.e4 e5 2.Nf3 Nc6 3.Bb5 a6 4.Ba4 Nf6 5.O-O Be7 6.Re1 b5 7.Bb3 d6 8.c3 O-O
9.h3 Nb8 10.d4 Nbd7 11.c4 c6 12.a3 bxc4 13.Bxc4 Nxe4 14.dxe5 d5 15.Ba2 Kh8
16.Nc3 f5 17.Nd4 Nxe5 18.Bf4 Nc4 19.Nxe4 fxe4 20.Nxc6 Qb6 21.Nxe7 Rxf4 22.Qxd5 Bb7
23.Qxc4 Raf8 24.Nd5 Bxd5 25.Qxd5 Rxf2 26.Kh1 Rxg2 27.Qxe4 Rg3 28.Rf1 Rb8
29.Qf5 h6 30.Bb1  1-0

[Event "TCh-SVK Ext 2013-14"]
[Site "Slovakia SVK"]
[Date "2013.12.07"]
[Round "3.1"]
[White "Bokros,A"]
[Black "Lanc,A"]
[Result "1/2-1/2"]
[WhiteElo "2464"]
[BlackElo "2355"]

1.e4 e5 2.Nf3 Nc6 3.Bb5 a6 4.Ba4 Nf6 5.O-O Be7 6.Re1 b5 7.Bb3 d6 8.c3 O-O
9.h3 Nb8 10.d4 Nbd7 11.Nbd2 Bb7 12.Bc2 Re8 13.Nf1 Bf8 14.Ng3 g6 15.a4 Bg7
16.d5 Nc5 17.b4 Nxa4 18.Bxa4 bxa4 19.Qxa4 h5 20.c4 Nh7 21.c5 Rb8 22.Nd2 h4
23.Ngf1 f5 24.f3 Nf6 25.Nc4 Nh5 26.Na5 Nf4 27.Nxb7 Rxb7 28.Ra3 Rb8 29.Kh1 Qg5
30.Ra2 Rf8 31.Be3 Qf6 32.Rd2 Nh5 33.Kg1 Rf7 34.Rdd1 Kh7 35.Rb1 Bh6 36.Bxh6 Kxh6
37.Qxa6 Nf4 38.Qa2 Qg5 39.Kh1 Nd3 40.Re3 Nxb4 41.Qc4 Nxd5 42.Rxb8 Nxe3 43.Nxe3 Qxe3
44.Qxf7 Qe1+  1/2-1/2

[Event "6th Kolkata Open"]
[Site "Kolkata IND"]
[Date "2013.12.08"]
[Round "4.1"]
[White "Ter Sahakyan,S"]
[Black "Neverov,V"]
[Result "1/2-1/2"]
[WhiteElo "2562"]
[BlackElo "2514"]

1.e4 e5 2.Nf3 Nc6 3.Bb5 a6 4.Ba4 Nf6 5.O-O Be7 6.Re1 b5 7.Bb3 d6 8.c3 O-O
9.h3 Nb8 10.d4 Nbd7 11.Nbd2 Bb7 12.Bc2 Re8 13.a4 Bf8 14.Bd3 c6 15.Qc2 Qc7
16.b3 g6 17.Bb2 Bg7 18.c4 bxc4 19.Nxc4 exd4 20.Bxd4 c5 21.Bc3 d5 22.exd5 Nxd5
23.Bxg7 Kxg7 24.Qb2+ Kg8 25.Nce5 Nxe5 26.Nxe5 Re7 27.Ng4 h5 28.Nf6+ Nxf6
29.Qxf6 Rae8 30.Rxe7 Qxe7 31.Qxe7 Rxe7 32.Bc4 Rd7 33.Re1 Kf8 34.Re5 Rc7 35.a5 Bc8
36.f3 Rc6 37.Kf2 f6 38.Rd5 Ke7 39.h4 Be6 40.Rd2 Bxc4 41.bxc4 Rd6 42.Rxd6 Kxd6  1/2-1/2

[Event "51st ch-IND Premier 2013"]
[Site "Jalgaon IND"]
[Date "2013.12.27"]
[Round "10.2"]
[White "G.,A"]
[Black "Vishnu,P"]
[Result "1/2-1/2"]
[WhiteElo "2343"]
[BlackElo "2523"]

1.e4 e5 2.Nf3 Nc6 3.Bb5 a6 4.Ba4 Nf6 5.O-O Be7 6.Re1 b5 7.Bb3 d6 8.c3 O-O
9.h3 Nb8 10.d4 Nbd7 11.Nbd2 Bb7 12.Bc2 Re8 13.Nf1 Bf8 14.Ng3 c5 15.d5 c4
16.b3 Qc7 17.bxc4 Qxc4 18.Bb2 Nb6 19.a4 Nxa4 20.Bxa4 bxa4 21.Rxa4 Qc7 22.Bc1 g6
23.Be3 Nd7 24.Nd2 Reb8 25.Qa1 Be7 26.Rb1 Bc8 27.Rc4 Rxb1+ 28.Qxb1 Nc5 29.Bxc5 dxc5
30.Ra4 Bd7 31.Ra2 c4 32.Rb2 Bb5 33.Nf3 Bd6 34.Nf1 Rf8 35.Ne3 Kh8 36.Nd2 Ba3  1/2-1/2

[Event "Cracovia Open A 2013-14"]
[Site "Krakow POL"]
[Date "2013.12.27"]
[Round "1.23"]
[White "Skawinski,A"]
[Black "Adamowicz,K"]
[Result "1/2-1/2"]
[WhiteElo "2319"]
[BlackElo "2094"]

1.e4 e5 2.Nf3 Nc6 3.Bb5 a6 4.Ba4 Nf6 5.O-O Be7 6.Re1 b5 7.Bb3 d6 8.c3 O-O
9.h3 Nb8 10.d4 Nbd7 11.Nbd2 Bb7 12.a4 c5 13.d5 c4 14.Bc2 Re8 15.b4 cxb3 16.Nxb3 Qc7
17.Bd3 Nc5 18.Nxc5 dxc5 19.axb5 c4 20.b6 Qc8 21.Bc2 Bc5 22.Rb1 Nd7 23.Ba4 Re7
24.Bxd7 Qxd7 25.Be3 Bxe3 26.Rxe3 f5 27.exf5 e4 28.Nd4 Qxd5 29.Qg4 Rf8 30.Rd1 Rf6
31.Rg3 Rd7 32.Rb1 Kh8 33.Rb4 Qc5 34.Rb1 Qd5 35.Qh5 Re7 36.Rd1 Rd6 37.Re3 Re5
38.Kh2 g6 39.Qh6 Qf7 40.Nf3 Red5 41.Rxd5 Bxd5 42.fxg6 Rxg6 43.Qh4 exf3 44.Qd4+ Qg7
45.Re8+ Bg8 46.b7 Rxg2+  1/2-1/2

[Event "Karlstad Open 2013"]
[Site "Karlstad SWE"]
[Date "2013.12.28"]
[Round "4.3"]
[White "Ernst,T"]
[Black "Horbing,S"]
[Result "0-1"]
[WhiteElo "2391"]
[BlackElo "2059"]

1.e4 e5 2.Nf3 Nc6 3.Bb5 a6 4.Ba4 Nf6 5.O-O Be7 6.Re1 b5 7.Bb3 O-O 8.c3 d6
9.h3 Nb8 10.d4 Nbd7 11.Nbd2 Bb7 12.Bc2 c5 13.d5 c4 14.b3 cxb3 15.axb3 Qc7
16.Bb2 Rfb8 17.b4 Nb6 18.Bb3 Bc8 19.Rc1 Bd7 20.c4 bxc4 21.Nxc4 Nxc4 22.Rxc4 Qb6
23.Nxe5 dxe5 24.Bxe5 Bxb4 25.Bc7 Qb5 26.Bxb8 Bxe1 27.Be5 Re8 28.Bxf6 gxf6
29.Qf3 Qb6 30.Qg3+ Kh8 31.Qf4 f5 32.Bc2 Bb5 33.Rc7 Bxf2+ 34.Kh1 Qe3 35.Qxe3 Bxe3
36.d6 Bf4 37.Rxf7 Bxd6 38.Rxf5 Be5 39.g4 Kg7 40.Bb3 Bc6 41.Bd5 Bxd5 42.exd5 Bd6
43.Rf3 a5 44.Rb3 a4 45.Rb7+ Re7 46.Rb3  0-1

[Event "TCh-NED Meesterklasse 2013-14"]
[Site "Netherland NED"]
[Date "2014.01.04"]
[Round "4.8"]
[White "Kollen,Z"]
[Black "Mostertman,M"]
[Result "1-0"]
[WhiteElo "2190"]
[BlackElo "2312"]

1.e4 e5 2.Nf3 Nc6 3.Bb5 a6 4.Ba4 Nf6 5.O-O Be7 6.Re1 b5 7.Bb3 d6 8.c3 O-O
9.h3 Nb8 10.d4 Nbd7 11.Nbd2 Bb7 12.Bc2 Re8 13.b3 Bf8 14.d5 c6 15.c4 b4 16.Nf1 cxd5
17.cxd5 Nc5 18.a3 bxa3 19.b4 Ncd7 20.Bd2 Nb6 21.Ne3 Bc8 22.Bd3 Bd7 23.Rxa3 Bb5
24.Qb1 Qd7 25.Ra5 Rac8 26.Bxb5 axb5 27.Qd3 Nc4 28.Nxc4 Rxc4 29.Bg5 Nxe4 30.Rxe4 Qf5
31.Nd2 Rc1+ 32.Kh2 Qxg5 33.Rg4 e4 34.Nxe4 Qe5+ 35.Ng3 Qe1 36.Ne4 Kh8 37.Ra7 Qh1+
38.Kg3 Rg1 39.Rxf7 h5 40.Kh4 Rxg2 41.Rxg2 Qxg2 42.Ng5 Kg8 43.Qh7+  1-0

[Event "TCh-NED Meesterklasse 2013-14"]
[Site "Netherland NED"]
[Date "2014.01.04"]
[Round "4.5"]
[White "Dijkhuis,Tycho"]
[Black "Smeets,J"]
[Result "0-1"]
[WhiteElo "2211"]
[BlackElo "2618"]

1.e4 e5 2.Nf3 Nc6 3.Bb5 a6 4.Ba4 Nf6 5.O-O Be7 6.Re1 b5 7.Bb3 d6 8.c3 O-O
9.h3 Nb8 10.d4 Nbd7 11.Nbd2 Bb7 12.Bc2 c5 13.d5 c4 14.Nf1 Qc7 15.Ng3 Rfb8
16.Nf5 Bf8 17.Bg5 Bc8 18.Nh2 Ne8 19.Ng4 Nc5 20.Re3 f6 21.Bh4 Qf7 22.Rf3 a5
23.Nge3 Ba6 24.g4 g6 25.Ng3 Qe7 26.Qd2 Qd8 27.Ne2 b4 28.Kh1 b3 29.axb3 cxb3
30.Bb1 Bh6 31.g5 Bxg5 32.Bxg5 fxg5 33.Ng4 Kg7 34.Nd4 Bb5 35.Ne6+ Nxe6 36.dxe6 Rb7
37.Qd5 Rab8 38.c4 h5 39.Ne3 Nf6 40.Qd2 Bc6 41.Nd5 Bxd5 42.exd5 g4 43.Rg3 Ra8
44.Qd3 Qe8 45.hxg4 hxg4 46.f3 Qh8+ 47.Kg1 Qh4 48.fxg4 Ne4 49.Rh3 Qf2+ 50.Kh1 Qe1+
51.Kg2 Qf2+ 52.Kh1 Rh8 53.Rxh8 Qe1+ 54.Kg2 Qf2+ 55.Kh1 Ng3+ 56.Qxg3 Qxg3
57.Rh2 Qe1+ 58.Kg2 Qe2+ 59.Kg1 Qd1+ 60.Kf2 Qd2+ 61.Kg1 Qc1+  0-1